• 首页
  • 本馆介绍
  • 公告通知
  • 最新文献
  • 馆藏检索
  • 电子资源
  • 读者导购
  • 参考咨询
  • 我的图书馆
  • 登录
  • 详细信息显示
  • 放入我的书架
  • 预约/预借图书
  • 作者相关作品
  • 分类相关作品
  • 丛书相关作品
  • 出版社相关作品

书目信息

  • 表格格式
  • 工作单格式
  • 卡片格式
题名:
心理学原理
    
 
作者: 詹姆斯 著 ;郭宾 译
分册:  
出版信息: 北京   中国社会科学出版社  2009
页数: 299页
开本: 23cm
丛书名: 西方学术经典译丛
单 册:
中图分类: B84
科图分类:
主题词: 心理学
电子资源:
ISBN: 978-7-5004-7541-5
000 01044oam2 2200289 45
001 1338857109
005 20130513163219.65
010    @a978-7-5004-7541-5@dCNY38.00
100    @a20130108d2009 em y0chiy0110 ea
101 1  @achi@ceng
102    @aCN@b110000
105    @ay z 000yy
106    @ar
200 1  @a心理学原理@AXin Li Xue Yuan Li@dThe principles of psychology@e全新译本@EQuan Xin Yi Ben@f(美)威廉·詹姆斯著@F( Mei ) Wei Lian· Zhan Mu Si Zhu@g郭宾译@zeng
210    @a北京@c中国社会科学出版社@d2009
215    @a299页@d23cm
225 2  @a西方学术经典译丛
305    @a据Macmillan and co. Ltd. 1907年版本译出
330    @a本书内容包括:心理学的范围、大脑的功能、大脑活动的一些一般条件、习惯、精神素材理论等。
461  0 @12001 @a西方学术经典译丛
510 1  @aPrinciples of psychology@zeng
606 0  @a心理学
690    @aB84@v5
701  0 @c(美)@a詹姆斯@AZhan Mu Si@c(James, William@f1842~1910)@4著
702  0 @a郭宾@AGuo Bin@c(心理学)@4译
801    @aCN@bTANGWEI@c20130108
905    @b0828766-70@dB84@e1117@f5
    
    心理学原理=The principles of psychology:全新译本/(美)威廉·詹姆斯著/郭宾译.-北京:中国社会科学出版社,2009
    299页;23cm.-(西方学术经典译丛)
    
    
    ISBN 978-7-5004-7541-5:CNY38.00
    本书内容包括:心理学的范围、大脑的功能、大脑活动的一些一般条件、习惯、精神素材理论等。
●
相关链接 在E读中查询图书 在五车中查询图书 在当当中查询图书 在豆瓣中查询图书


正题名:心理学原理     索取号:B84/1117         预约/预借

序号 登录号 条形码 馆藏地/架位号 状态 备注
1 0828766   208287664   第一样本阅览室/ [索取号:B84/1117] 在馆    
2 0828767   208287673   第一借阅区/ [索取号:B84/1117] 在馆    
3 0828768   208287682   教育系资料室/ [索取号:B84/1117] 在馆    
4 0828769   208287691   教育系资料室/ [索取号:B84/1117] 在馆    
5 0828770   208287708   教育系资料室/ [索取号:B84/1117] 在馆    
唐山师范学院图书馆 欢迎您!
大连网信软件有限公司© 版权所有